The ekkos clan / (Record no. 78275)

MARC details
000 -LEADER
fixed length control field 00898nam a22002537a 4500
005 - DATE AND TIME OF LATEST TRANSACTION
control field 20170417161322.0
010 ## - LCCN (DPL NO)
LC control number ENG-108206
020 ## - INTERNATIONAL STANDARD BOOK NUMBER
Terms of availability 350.00
International Standard Book Number 9789381523957
035 ## - SYSTEM CONTROL NUMBER
System control number EN-91739
035 ## - SYSTEM CONTROL NUMBER
System control number B-536698-708
035 ## - SYSTEM CONTROL NUMBER
System control number B-667538
037 ## - SOURCE OF ACQUISITION
Source of stock number/acquisition DBAD/PUB
037 ## - SOURCE OF ACQUISITION
Source of stock number/acquisition KBD/Ven
Stock number dpl
082 ## - DEWEY DECIMAL CLASSIFICATION NUMBER
Classification number S
100 ## - MAIN ENTRY--PERSONAL NAME
Personal name Das, Sudipto
245 ## - TITLE STATEMENT
Title The ekkos clan /
Statement of responsibility, etc by Sudipto Das
260 ## - PUBLICATION, DISTRIBUTION, ETC. (IMPRINT)
Place of publication, distribution, etc New Delhi
Name of publisher, distributor, etc Niyogi Books
Date of publication, distribution, etc 2013
270 ## - ADDRESS
Address D-78, Okhla Industrial Area, Phase-1
City New Delhi
Postal code 110020
300 ## - PHYSICAL DESCRIPTION
Extent x,282p.
Dimensions 22cm(pbk)
500 ## - GENERAL NOTE
General note Includes bibliographical references
942 ## - ADDED ENTRY ELEMENTS (KOHA)
Source of classification or shelving scheme Dewey Decimal Classification
Item type English Books
Call number suffix DAS
Classification part N
Holdings
Withdrawn status Lost status Not for loan Collection code Home library Current library Date acquired Source of acquisition Cost, normal purchase price Full call number Barcode Copy number Cost, replacement price Koha item type Public note
      Fiction Ashok Vihar Ashok Vihar 17/04/2017 BPPD/EN/2013-14/AV/16-17/365/15.02.2017KBD/BL16/24.02.2017/17.03.2017 350.00 N DAS B-667538 1 350.00 English Books  
      Fiction Central Library Central Library 09/09/2014 KBD/BL98/28.03.2014/145/25.03.2014/31.03.2014 350.00 N DAS B-536698 1 350.00 English Books  
    Not For Loan Fiction D.B.Act.Division D.B.Act.Division 01/08/2013 DBAD/PUB 350.00 S DAS EN-91739 1 350.00 English Books  
      Fiction Janak Puri Janak Puri 09/09/2014 KBD/BL98/28.03.2014/145/25.03.2014/31.03.2014 350.00 N DAS B-536703 1 350.00 English Books  
Written off     Fiction Karol Bagh Karol Bagh 09/09/2014 KBD/BL98/28.03.2014/145/25.03.2014/31.03.2014 350.00 N DAS B-536706 1 350.00 English Books Written off on approval by DLB (By Circulation); dtd 15-06-2023
      Fiction Kasturba Gandhi Marg Kasturba Gandhi Marg 09/09/2014 KBD/BL98/28.03.2014/145/25.03.2014/31.03.2014 350.00 N DAS B-536700 1 350.00 English Books  
      Fiction Patel Nagar Patel Nagar 09/09/2014 KBD/BL98/28.03.2014/145/25.03.2014/31.03.2014 350.00 N DAS B-536699 1 350.00 English Books  
      Fiction Peshwa Road Peshwa Road 09/09/2014 KBD/BL98/28.03.2014/145/25.03.2014/31.03.2014 350.00 N DAS B-536701 1 350.00 English Books  
      Fiction Sarojini Nagar Sarojini Nagar 09/09/2014 KBD/BL98/28.03.2014/145/25.03.2014/31.03.2014 350.00 N DAS B-536704 1 350.00 English Books  
      Fiction Sarojini Nagar Sarojini Nagar 09/09/2014 KBD/BL98/28.03.2014/145/25.03.2014/31.03.2014 350.00 N DAS B-536708 1 350.00 English Books  
      Fiction Shahdara Branch Shahdara Branch 09/09/2014 KBD/BL98/28.03.2014/145/25.03.2014/31.03.2014 350.00 N DAS B-536707 1 350.00 English Books  
      Fiction Tri Nagar Tri Nagar 09/09/2014 KBD/BL98/28.03.2014/145/25.03.2014/31.03.2014 350.00 N DAS B-536702 1 350.00 English Books  
      Fiction Vinoba Puri Vinoba Puri 09/09/2014 KBD/BL98/28.03.2014/145/25.03.2014/31.03.2014 350.00 N DAS B-536705 1 350.00 English Books  

© Delhi Public Library
Hit Counter
free hit counter